000 00600nam a22002052 4500
001 0000006341
005 20151217152016.0
008 071022s xx 000 0 eng d
020 _a0632057610 :
_cKES 5950
040 _aKABU
_cKABU
245 1 0 _aVegetation ecology /
_ced. by Eddy van der Maarel.
260 _aOxford :
_bBlackwell,
_c2005.
300 _ax, 395 p.
650 0 _aPlant ecology.
_@0000155378
650 0 _aPlant communities.
_@0000157797
700 1 _avan der Maarel, Eddy.
_@0000157798
908 _a071022
950 _@1
999 _c7278
_d7278